| 000 | 00958nam a22003017a 4500 | ||
|---|---|---|---|
| 001 | 3227 | ||
| 003 | FISKH | ||
| 005 | 20251023092229.0 | ||
| 008 | 240220b cb ||||| |||| 00| 0 eng d | ||
| 020 | _a9780516244860 | ||
| 040 |
_aFISKH _beng _cFISKH _dFISKH |
||
| 050 | _aJC346.D68 | ||
| 082 | _a323.650973 | ||
| 100 | _aDouglas, Lloyd G. | ||
| 245 |
_aThe pledge of allegiance / _cby Douglas, Lloyd G. |
||
| 250 | _aFirst Scholastic printing, September 2003 | ||
| 260 |
_aNew York : _bScholastic, _c2003 |
||
| 300 |
_a24 pages : _bcolor illustrations ; _c16 cm . |
||
| 490 | _a Welcome Books: American Symbols | ||
| 505 | _aR | ||
| 520 | _aIntroduces the Pledge of Allegiance as an American symbol in easy-to-read text. | ||
| 521 | 8 |
_a720
_bLexile |
|
| 521 | 8 |
_aR
_bRaz-Plus |
|
| 600 |
_2American Symbols _vnon-fiction |
||
| 650 |
_aflags _vnon-fiction |
||
| 700 |
_aLogan, Christopher _edesigner |
||
| 942 |
_2ddc _cBK _n0 |
||
| 999 |
_c3227 _d3227 |
||